Bhagavad Gita’s message of harmony and synthesis : (Record no. 78254)
[ view plain ]
| 000 -LEADER | |
|---|---|
| fixed length control field | 00945nam a22002177a 4500 |
| 005 - DATE AND TIME OF LATEST TRANSACTION | |
| control field | 20130814143321.0 |
| 010 ## - LCCN (DPL NO) | |
| LC control number | ENG-108254 |
| 020 ## - INTERNATIONAL STANDARD BOOK NUMBER | |
| Terms of availability | 160.00 |
| International Standard Book Number | 9789381325179 |
| 035 ## - SYSTEM CONTROL NUMBER | |
| System control number | EN-91787 |
| 037 ## - SOURCE OF ACQUISITION | |
| Source of stock number/acquisition | DBAD/PUB |
| 082 ## - DEWEY DECIMAL CLASSIFICATION NUMBER | |
| Classification number | 181.45 |
| 245 ## - TITLE STATEMENT | |
| Title | Bhagavad Gita’s message of harmony and synthesis : |
| Remainder of title | papers read at a seminar held at the Ramakrishna Mission Institute of Culture, Kolkata, India, from January 8 to 9, 2011 |
| 260 ## - PUBLICATION, DISTRIBUTION, ETC. (IMPRINT) | |
| Place of publication, distribution, etc | Kolkata |
| Name of publisher, distributor, etc | Ramakrishna Mission |
| Date of publication, distribution, etc | 2012 |
| 270 ## - ADDRESS | |
| Address | Institute of Culture Gol Park |
| City | Kolkata |
| Postal code | 700029 |
| 300 ## - PHYSICAL DESCRIPTION | |
| Extent | viii,248p. ,6 pages of plates : |
| Dimensions | 22cm(Hb) |
| Other physical details | ill. |
| 500 ## - GENERAL NOTE | |
| General note | Includes bibliographical references. |
| 520 ## - SUMMARY, ETC. | |
| Summary, etc | Papers presented in a seminar held at Ramakrishna Mission Institute of Culture, Kolkata from January 8 to 9, 2011. |
| 650 ## - SUBJECT ADDED ENTRY--TOPICAL TERM | |
| Topical term or geographic name as entry element | Harmony (Philosophy) |
| Form subdivision | Congresses. |
| 710 ## - ADDED ENTRY--CORPORATE NAME | |
| Corporate name or jurisdiction name as entry element | Ramakrishna Mission |
| Subordinate unit | Institute of Culture |
| 942 ## - ADDED ENTRY ELEMENTS (KOHA) | |
| Source of classification or shelving scheme | Dewey Decimal Classification |
| Item type | English Books |
| Call number suffix | BHA |
| Classification part | 181.45 |
| Withdrawn status | Lost status | Not for loan | Collection code | Home library | Current library | Date acquired | Source of acquisition | Cost, normal purchase price | Full call number | Barcode | Copy number | Cost, replacement price | Koha item type |
|---|---|---|---|---|---|---|---|---|---|---|---|---|---|
| Not For Loan | Non-fiction | D.B.Act.Division | D.B.Act.Division | 31/07/2013 | DBAD/PUB | 160.00 | 181.45 BHA | EN-91787 | 1 | 160.00 | English Books |
